| 000 | 00388nam a22001337a 4500 | ||
|---|---|---|---|
| 008 | 110712s1994 ua|||||d|||| 000 0 ara d | ||
| 020 | _a977090211X | ||
| 082 |
_222 _a031 _bش ر و |
||
| 245 | _aموسوعة الشروق | ||
| 260 |
_aالقاهرة : _bدار الشروف، 1994 _c1994 |
||
| 300 |
_a320 ص : _bصور ؛ _c29 سم |
||
| 653 |
_bGeneral _cJuly2011 |
||
| 942 |
_2ddc _cREFERENCE |
||
| 999 |
_c15688 _d15688 |
||